[Event "Online Olym Div3 D 2021"]
[Site "chess.com INT"]
[Date "2021.08.27"]
[Round "1.4"]
[Board "3"]
[White "Seine, Rose Berline"]
[Black "Cordero, Daniela"]
[Result "0-1"]
[BlackTitle "WIM"]
[WhiteElo "1679"]
[BlackElo "2010"]
[WhiteTeam "Haiti"]
[BlackTeam "Bolivia"]
[WhiteFideId "11900547"]
[BlackFideId "3301630"]
[EventDate "2021.08.27"]
[EventType "team"]

1. e4 e6 2. d4 d5 3. exd5 exd5 4. Nf3 Bd6 5. Bd3 Nc6 6. O-O Nge7 7. Re1 Bg4 8.
c3 Qd7 9. Bb5 O-O 10. Nbd2 a6 11. Bd3 f5 12. Qc2 Ng6 13. h3 Bxf3 14. Nxf3 Nf4
15. Bf1 Rae8 16. Bd2 Kh8 17. Rad1 Qf7 18. Qc1 Ng6 19. Rxe8 Rxe8 20. Re1 Rxe1 21.
Qxe1 Qe7 22. Qc1 h6 23. Bd3 Qe6 24. Bxh6 gxh6 25. Qxh6+ Kg8 26. Ng5 Qf6 27. Qh7+
Kf8 28. Qh5 Ke8 29. Nh7 Qe6 30. g3 Ne7 31. Ng5 Qf6 32. h4 Kd7 33. Qf3 c6 34. Kg2
Kc7 35. Qd1 f4 36. Qf3 Nf5 37. Qg4 Nge7 38. Ne6+ Qxe6 39. h5 Ne3+ 40. fxe3 Qxg4 0-1

[Event "Online Olym Div3 D 2021"]
[Site "chess.com INT"]
[Date "2021.08.27"]
[Round "2.1"]
[Board "3"]
[White "Jacobs, Annelaine"]
[Black "Martinez Jimenez, Manyeli"]
[Result "1-0"]
[WhiteTitle "WCM"]
[WhiteElo "1612"]
[BlackElo "1393"]
[WhiteTeam "Aruba"]
[BlackTeam "Dominican Republic"]
[WhiteFideId "15900177"]
[BlackFideId "6426077"]
[EventDate "2021.08.27"]
[EventType "team"]

1. e4 e5 2. Nf3 Nc6 3. Bb5 Nf6 4. d3 d6 5. h3 Be7 6. O-O O-O 7. c3 Bd7 8. Re1 a6
9. Ba4 b5 10. Bc2 Qc8 11. Bg5 h6 12. Bxf6 Bxf6 13. Nbd2 Ne7 14. Nf1 Ng6 15. Ng3
Nf4 16. Nh2 Bh4 17. Qf3 f5 18. exf5 Bxf5 19. Ng4 Be6 20. Qe4 Bxg4 21. hxg4 Qxg4
22. d4 Bxg3 23. fxg3 Qxg3 24. Qh7+ Kf7 25. Qf5+ Ke7 26. Qe4 Rae8 27. dxe5 Kd8
28. Qa8+ Ke7 29. exd6+ Kxd6 30. Rad1+ Kc5 31. Qa7+ Kc6 32. Qf2 Ne2+ 33. Rxe2
Rxf2 34. Rxf2 Qe3 35. Rf1 Re5 36. Bb3 Kb6 37. Kh1 Rh5+ 38. Kg1 Qe5 39. Rf7 Qh2+
40. Kf2 Qh4+ 41. Ke2 Re5+ 42. Kd1 Qh5+ 43. Kc1 Qe2 44. Kb1 Qxg2 45. R7f2 Qe4+
46. Bc2 Qb7 47. a3 Qc8 48. Ka2 Qe6+ 49. Bb3 Qe7 50. Rf7 Qg5 51. R7f3 a5 52. Bc2
a4 53. Kb1 Qe7 54. Rf7 Re1+ 55. Rxe1 Qxe1+ 56. Ka2 Qe6+ 1-0

[Event "Online Olym Div3 D 2021"]
[Site "chess.com INT"]
[Date "2021.08.27"]
[Round "2.2"]
[Board "5"]
[White "Vera, Pavel"]
[Black "Romero, Juan"]
[Result "1-0"]
[WhiteElo "2057"]
[BlackElo "1410"]
[WhiteTeam "Bolivia"]
[BlackTeam "Uruguay"]
[WhiteFideId "3304779"]
[BlackFideId "3012336"]
[EventDate "2021.08.27"]
[EventType "team"]

1. d4 Nf6 2. c4 e6 3. Nc3 Bb4 4. e3 b6 5. Ne2 Bb7 6. a3 Bc5 7. dxc5 bxc5 8. Nf4
O-O 9. Be2 Nc6 10. Bf3 Ba6 11. Bxc6 dxc6 12. Qa4 Bb7 13. O-O e5 14. Rd1 Qe7 15.
Nfe2 Ng4 16. h3 Nf6 17. e4 Rfd8 18. Rxd8+ Qxd8 19. Bg5 h6 20. Be3 Nd7 21. Rd1
Qe7 22. Ng3 Nb6 23. Qc2 Nxc4 24. Nf5 Qf8 25. Na4 Nxe3 26. Nxe3 g6 27. Qxc5 Qxc5
28. Nxc5 Bc8 29. Rd8+ Kg7 1-0

[Event "Online Olym Div3 D 2021"]
[Site "chess.com INT"]
[Date "2021.08.27"]
[Round "2.3"]
[Board "3"]
[White "Ioannides Liu, Alice"]
[Black "Seine, Rose Berline"]
[Result "0-1"]
[WhiteElo "1302"]
[BlackElo "1679"]
[WhiteTeam "Cyprus"]
[BlackTeam "Haiti"]
[WhiteFideId "5904374"]
[BlackFideId "11900547"]
[EventDate "2021.08.27"]
[EventType "team"]

1. e4 e5 2. Nf3 Nc6 3. Bb5 Bc5 4. O-O d6 5. h3 Ne7 6. d4 exd4 7. Nxd4 O-O 8.
Nxc6 Nxc6 9. Nc3 Be6 10. a3 Nd4 11. Bd3 f5 12. b4 Bb6 13. Nd5 fxe4 14. Nxb6 axb6
15. Bxe4 Nc6 16. b5 Ne5 17. Bxb7 Rb8 18. Be4 Qf6 19. Bb2 Qf4 20. Bd5 Rbe8 21.
Bxe6+ Rxe6 22. Qd5 Re8 23. Bxe5 Qxe5 24. Qb3 Kf8 25. Qe3 Qxe3 26. fxe3+ Kg8 27.
Rf2 Rxe3 28. c4 Ra8 29. Rf3 Rxf3 30. gxf3 Ra4 31. Re1 Rxc4 32. Re7 Kf8 33. Rd7
h5 34. Kf2 g5 35. Kg3 h4+ 36. Kf2 Rc5 37. a4 Re5 38. Rxc7 Rc5 39. Rb7 Rc2+ 40.
Kg1 Ra2 41. Rxb6 Rxa4 42. Rxd6 Kf7 43. Rd5 Kf6 44. Rd6+ Ke5 45. Rg6 Kf4 46. Rf6+
Kg3 47. Kf1 Kxh3 48. b6 Ra5 49. b7 Rb5 50. Rf7 Kg3 51. Rf5 Rxb7 52. Rxg5+ Kxf3
53. Rf5+ Kg3 54. Rh5 Rb1+ 55. Ke2 h3 56. Ke3 h2 57. Rh7 h1=Q 58. Rg7+ Kh4 59.
Rh7+ Kg5 60. Rxh1 Rxh1 61. Ke4 Rd1 62. Ke3 Kg4 63. Ke2 Rd8 64. Ke3 Kf5 65. Ke2
Ke4 66. Kf2 Rd3 67. Ke2 Kd4 68. Kf2 Re3 69. Kg2 Ke4 70. Kf2 Kf4 71. Kg2 Rf3 72.
Kh2 Kg4 73. Kg2 Rf6 74. Kh2 Rf2+ 75. Kg1 Kg3 76. Kh1 Rf1# 0-1

[Event "Online Olym Div3 D 2021"]
[Site "chess.com INT"]
[Date "2021.08.27"]
[Round "3.2"]
[Board "1"]
[White "Kamwendo Precious"]
[Black "Almiron, Antonio"]
[Result "0-1"]
[BlackTitle "FM"]
[WhiteElo "1934"]
[BlackElo "2366"]
[WhiteTeam "Malawi"]
[BlackTeam "Paraguay"]
[WhiteFideId "20500785"]
[BlackFideId "3701166"]
[EventDate "2021.08.27"]
[EventType "team"]

1. e4 c5 2. Nf3 d6 3. Bb5+ Nd7 4. O-O Nf6 5. Nc3 a6 6. Bxd7+ Bxd7 7. e5 dxe5 8.
Nxe5 e6 9. d3 Bd6 10. Nxd7 Qxd7 11. Bg5 Qc7 12. h3 Be5 13. Qf3 O-O 14. Rae1 h6
15. Bd2 Rad8 16. Re2 b5 17. Rfe1 Bd4 18. Bf4 Qb6 19. Be5 Nd7 20. Bxd4 cxd4 21.
Ne4 Rc8 22. c3 dxc3 23. bxc3 Rfd8 24. d4 Qc6 25. Re3 e5 26. dxe5 Nxe5 27. Qf5
Ng6 28. Qg4 Rd5 29. Ng3 Rf8 30. Nf5 Qf6 31. Rf3 Qg5 32. Qxg5 hxg5 33. Ne7+ Nxe7
34. Rxe7 Rd1+ 35. Kh2 Rd2 36. a4 bxa4 37. Ra7 a3 38. Rxa6 a2 39. c4 Rc8 40. Ra4
Rxc4 41. Ra8+ Kh7 42. Rxf7 Rf4 43. Rxf4 gxf4 44. f3 g5 45. Ra6 Kg7 46. Kg1 Kf7
47. Kh2 Ke7 48. Kg1 Rd1+ 0-1

[Event "Online Olym Div3 D 2021"]
[Site "chess.com INT"]
[Date "2021.08.28"]
[Round "5.4"]
[Board "2"]
[White "Johnson, Joshua"]
[Black "Polanco Nunez, Yoel Estarling"]
[Result "1-0"]
[WhiteTitle "FM"]
[BlackTitle "CM"]
[WhiteElo "2131"]
[BlackElo "2222"]
[WhiteTeam "Trinidad & Tobago"]
[BlackTeam "Dominican Republic"]
[WhiteFideId "7700768"]
[BlackFideId "6401783"]
[EventDate "2021.08.27"]
[EventType "team"]

1. e4 c5 2. Nf3 d6 3. Bb5+ Nd7 4. a4 Nf6 5. Nc3 g6 6. a5 a6 7. Bc4 Bg7 8. Bxf7+
Kxf7 9. Ng5+ Kg8 10. Ne6 Qe8 11. Nc7 Qf7 12. Nxa8 Ne5 13. Nb6 Bg4 14. f3 Be6 15.
d3 g5 16. Bxg5 Qg6 17. Qd2 Nc6 18. Ne2 h6 19. Nf4 Qxg5 20. Nxe6 Qe5 21. Nxg7
Qxb2 22. O-O Kxg7 23. Nc4 Qd4+ 24. Qf2 d5 25. exd5 Nxd5 26. Rab1 Rb8 27. Kh1
Qxf2 28. Rxf2 Kf6 29. Nb6 Nxb6 30. axb6 Ke5 31. Re2+ Kd4 32. Rb3 e5 33. c4 1-0

[Event "Online Olym Div3 D 2021"]
[Site "chess.com INT"]
[Date "2021.08.28"]
[Round "6.1"]
[Board "5"]
[White "Antonio, Kyell-Jean"]
[Black "Rousis, Chrysostomos"]
[Result "0-1"]
[WhiteElo "1497"]
[BlackElo "1775"]
[WhiteTeam "Aruba"]
[BlackTeam "Cyprus"]
[WhiteFideId "15900746"]
[BlackFideId "5902860"]
[EventDate "2021.08.27"]
[EventType "team"]

1. e4 c5 2. Nf3 d6 3. d4 cxd4 4. Nxd4 Nf6 5. Nc3 a6 6. Be2 e5 7. Nb3 Be7 8. O-O
O-O 9. Be3 Be6 10. f4 exf4 11. Rxf4 Nc6 12. a4 d5 13. exd5 Nxd5 14. Nxd5 Bxd5
15. Rf2 Re8 16. Bf3 Bxb3 17. cxb3 Bd6 18. Re2 Rxe3 19. Rxe3 Bc5 20. Qxd8+ Rxd8
21. Re1 Re8 22. Kf2 Nb4 23. Bxb7 Nc2 24. Re2 Rxe3 0-1

[Event "Online Olym Div3 D 2021"]
[Site "chess.com INT"]
[Date "2021.08.29"]
[Round "9.4"]
[Board "3"]
[White "Sokolova, Victoria"]
[Black "dos Ramos, Rosangela"]
[Result "1-0"]
[BlackTitle "WFM"]
[WhiteElo "1208"]
[BlackElo "1765"]
[WhiteTeam "Cyprus"]
[BlackTeam "Suriname"]
[WhiteFideId "5905460"]
[BlackFideId "8200521"]
[EventDate "2021.08.27"]
[EventType "team"]

1. e4 g6 2. Nf3 Bg7 3. Bc4 d6 4. O-O h6 5. h3 e5 6. Nc3 Nc6 7. Bb5 Ne7 8. Nd5
O-O 9. Nxe7+ Nxe7 10. d4 c6 11. Be2 exd4 12. Nxd4 d5 13. exd5 Nxd5 14. Re1 Qf6
15. c3 Bf5 16. Nxf5 Qxf5 17. Bg4 Qf6 18. Qf3 Qd6 19. h4 Rfe8 20. Be3 Nxe3 21.
Rxe3 Rxe3 22. Qxe3 f5 23. Bf3 a6 24. Rd1 Qc7 25. Qe6+ Kh7 26. h5 g5 27. Qxf5+
Kh8 28. Be4 1-0